000 00938nac a22003017a 4500
001 BR9403776
003 BR-BrBNA
005 20240105121523.0
008 230509b bl.|||m| |||| 00| 0 por d
040 _aBR-BrBNA
_bpor
_cBiblioteca Nacional de Agricultura
072 _aE70
090 _aE70 BR9403776
110 1 _aInstituto Brasileiro de Economia, Rio de Janeiro, RJ (Brasil). Centro de Estudos Agricolas
_95761
245 1 _aPrecos pagos pelos agricultores - Medias mensais 1981 - Medias anuais 1980/1981
260 3 _aRio de Janeiro, RJ (Brasil):
_c1982.
300 _a114 p.
490 _aPrecos Pagos pelos Agricultores (Brazil)
_v
_x
650 _aPreco Pago
650 _aSemente
650 _aMuda
650 _aFertilizante
650 _aDefensivo
650 _aVacina
650 _aMedicamento
650 _aImplemento Agricola
909 _a202312
_bLúcia Elande
_c55
_dLúcia Elande
942 _2AGRIS
_n0
_cMS
999 _c285774
_d285774